| 000 | 00871nam a2200301#a 4500 | ||
|---|---|---|---|
| 001 | 01073 | ||
| 003 | HDC | ||
| 007 | ta | ||
| 008 | 230623s1994 xx 000 0 eng d | ||
| 040 | _aHDC | ||
| 050 |
_aHG 2051 _b.N66 2004 |
||
| 100 |
_aNoor Auni H. _q(Noor Auni Hamir). |
||
| 245 | 0 |
_aAgriculture financing by financial institutions / _cH. Noor Auni, H. Salbiah and A. Abu Bakar. |
|
| 264 |
_aKuala Lumpur : _bMARDI, _c1994. |
||
| 300 |
_a13p. : _b ill. ; _c 25cm. |
||
| 440 | _aMakalah sesekala ; | ||
| 650 |
_aAgricultural credit _zMalaysia. |
||
| 650 |
_aAgriculture _zMalaysia _xFinance. |
||
| 650 |
_aBank loans _zMalaysia. |
||
| 700 | _aSalbiah H. | ||
| 700 | _aSalbiah H. | ||
| 700 | _aSalbiah H. | ||
| 710 | _aInstitut Penyelidikan dan Kemajuan Pertanian Malaysia. | ||
| 942 | _2lcc | ||
| 942 | _cBK | ||
| 942 | _kHG 2051 | ||
| 942 | _m.N66 2004 | ||
| 999 |
_c22662 _d22662 |
||